Les sportifs les mieux payés au monde en 2022 - Statistiques

Statistiques générales
  • Ce quiz a été pris 544 fois
  • Le résultat moyen est 8 sur 10
Statistiques - réponses
Rang Sport Pays Initiales Sportive % Correct
3 Football Portugal CR Christiano Ronaldo
100%
1 Football Argentine LM Lionel Messi
100%
2 Basketball Etats-Unis LJ Lebron James
96%
4 Football Brésil SN Santos Neymar
95%
7 Tennis Suisse RF Roger Federer
90%
5 Basketball Etats-Unis SC Stephen Curry
79%
6 Basketball Etats-Unis KD Kevin Durant
76%
9 Football américain Etats-Unis TB Tom Brady
50%
10 Basketball Grèce GA Giannis Antetokounmpo
38%
8 Boxe Mexique CA Canalo Alvarez
26%
Aucun quiz correspondant
Distribution des résultats
% des personnes avec chaque résultat
Percentile par nombre de réponses
Votre historique - résultats
Vous n’avez pas pris ce quiz